1442 1891 1950 1821 1607 1158 1560 1243 1399 1439 1538 1563 1972 1047 1108 1230 1080 1616 1536 1128 1860 1702 1564 1396 1955 1733 1197 1280 1884 1781 1126 1543 1131 1236 1595 1810 1650 1874 1456 1177 1105 1903 1205 1473 1511 1080 1264 1844 1782 1063 1443 1831 1384 1308 1975 1250 1394 1382 1335 1688 1108 1483 1391 1770 1405 1550 1706 1943 1085 1930 1736 1138 1332 1729 1376 1513 1185 1859 1322 1750 1461 1577 1680 1255 1770 1824 1364 1635 1484 1363 1782 1346 1873 1543 1833 1923 1593 1459 1019 BCNSPRNW ULIB Ver.6.0+V

เปลี่ยนเป็นภาษาไทย

Change to English
 แสดงรายละเอียดบรรณานุกรม
  กลับหน้าหลัก

Brief Record : Get Marc (ISO 2709) : E-mail record : QR code < ปิดหน้าต่าง
LEADER : 00000nam 2200000uu 4500
001    13399127210
003     ULIB
008    191025s2561||||th 000 0 tha d
020    ^a9786167741390
060 04 ^aWV100^bต367
245 00 ^aตำราโสต ศอ นาสิกวิทยา /^cบรรณาธิการ, จิระพงษ์ อังคะรา
250    ^aพิมพ์ครั้งที่ 1.
260    ^aกรุงเทพฯ :^bภาควิชาโสต ศอ นาสิกวิทยา คณะแพทยศาสตร์โรงพยาบาลรามาธิบดี มหาวิทยาลัยมหิดล,^c2561.
300    ^a[12], 604 หน้า :^bภาพประกอบ (สีบางภาพ) ;^c27 ซม.
504    ^aบรรณานุกรม และดัชนี
650  7 ^aหูคอจมูกและกล่องเสียง, โรค
650  7 ^aโสตนาสิกลาริงซ์วิทยา
650  2 ^aOtorhinolaryngologic Diseases.
700 0  ^aจิระพงษ์ อังคะรา,^eบรรณาธิการ
710 2  ^aมหาวิทยาลัยมหิดล. ^bคณะแพทยศาสตร์โรงพยาบาลรามาธิบดี. ^bภาควิชาโสต ศอ นาสิกวิทยา.
945    ^p500^l0^i006374
945    ^p500^l0^i007636
945    ^p500^l0^i007637
945    ^p500^l0^i007638
999    ^aประนอม เกษจรัล
รายการนี้ยังไม่มีแท็ก
คุณยังไม่ได้ล็อกอิน คุณสามารถมีกิจกรรมร่วมกับเว็บไซต์ได้ แต่ต้องล็อกอินก่อน ::
  ล็อกอิน

รายการสื่อสารสนเทศ

ลำดับที่ ประเภท เลขเรียก/บาร์โค้ด สถานที่ สถานะ
1. วิทยาศาสตร์การแพทย์ และสุขภาพ
หนังสือสำรอง
สถานะ=หนังสือสำรอง
WV100 ต367 ฉ.1 
  Barcode: 006374
ห้องสมุดวิทยาเขตสวรรค์ประชารักษ์
►หนังสือทั่วไป
บนชั้น
2. วิทยาศาสตร์การแพทย์ และสุขภาพ
วิทยาศาสตร์การแพทย์ และสุขภาพ
WV100 ต367 ฉ.2 
  Barcode: 007636
ห้องสมุดวิทยาเขตสวรรค์ประชารักษ์
►หนังสือทั่วไป
บนชั้น
3. วิทยาศาสตร์การแพทย์ และสุขภาพ
วิทยาศาสตร์การแพทย์ และสุขภาพ
WV100 ต367 ฉ.3 
  Barcode: 007637
ห้องสมุดวิทยาเขตสวรรค์ประชารักษ์
►หนังสือทั่วไป
บนชั้น
4. วิทยาศาสตร์การแพทย์ และสุขภาพ
วิทยาศาสตร์การแพทย์ และสุขภาพ
WV100 ต367 ฉ.4 
  Barcode: 007638
ห้องสมุดวิทยาเขตสวรรค์ประชารักษ์
►หนังสือทั่วไป
บนชั้น

รายการใกล้เคียง
    หัวเรื่อง [หูคอจมูกและกล่องเสียง, โรค]
    หัวเรื่อง [โสตนาสิกลาริงซ์วิทยา]
    หัวเรื่อง [Otorhinolaryngologic Diseases.]

BibComment


ยังไม่เคยถูกคอมเมนท์

คอมเมนท์ทรัพยากรรายการนี้
  คอมเมนท์: ตำราโสต ศอ นาสิก..


 Copyright 2026. Bcnsprnw @Library